Direitos Humanos na Contemporaneidade

Bibliographic Details
Format: eBook
Language:Portuguese
Published: San Pablo: Editora NELPA, 2016
Subjects:
Online Access:Acceso restringido

MARC

LEADER 00000nam a22000007a 4500
005 2017053000060.0
007 cr|||| ||||
008 170530s2016 br |||||s|||| 00||0 por d
020 |a 978-85-8020-567-1 
035 |a 20278 
040 |a vLex 
090 |c 6724  |d 6724 
245 0 0 |a Direitos Humanos na Contemporaneidade  |h [Recurso electrn̤ico] / 
256 |a Servicio en ln̕ea 
260 |a San Pablo:  |b Editora NELPA,  |c 2016 
300 |a 1 recurso electrn̤ico (254 p.) 
506 1 |a Disponible solo en los productos indicados  |d vLex Global  |d vLex Global (Academic Edition, excluding Law Schools)  |d vLex Global (U.S. Academic Edition, Law Schools)  |d vLex Global (U.S. Academic Edition, excluding Law Schools)  |d vLex Global (Academic Edition, Law Schools) 
650 0 4 |a Derecho Internacional  |z Brasil 
740 0 |a vLex Libros (Servicio en ln̕ea) 
856 4 0 |u http://vlex.com/source/direitos-humanos-contemporaneidade-20278  |z Acceso restringido 
942 |c BOOK 
999 0 |a International right